Zernovyje kombajny SSSR i zarubežnych stran : teorija i analiz konstrukcij /

Uložené v:
Podrobná bibliografia
Hlavní autori: Vasilenko, I. F. (Author), Avdejev, N. Je (Author), Morozov, A. F. (Author)
Médium: Kniha
Jazyk:Russian
Vydané: Moskva : Seľchozgiz, 1958.
Vydanie:1. izd.
ISBN: (viaz.)
Fyzický popis: 296 s.
Tagy: Pridať tag
Žiadne tagy, Buďte prvý kto otaguje tento záznam!

MARC

LEADER 00000nam a2200000 a 4500
001 000180098
005 20100903173159.0
008 040101s1958 ru e rusod
020 |a (viaz.)  |c Kčs 9,30 
040 |a SVKKK  |b slo  |c SVKKK  |e AACR2 
041 0 |a rus 
044 |a ru  |c RU 
100 1 |a Vasilenko, I. F.  |4 aut 
245 1 0 |a Zernovyje kombajny SSSR i zarubežnych stran :  |b teorija i analiz konstrukcij /  |c I. F. Vasilenko, N. Je. Avdejev, A. F. Morozov. 
250 |a 1. izd. 
260 |a Moskva :  |b Seľchozgiz,  |c 1958. 
300 |a 296 s. 
700 1 |a Avdejev, N. Je.  |4 aut 
700 1 |a Morozov, A. F.  |4 aut 
910 |a svkkk 
998 |a BK 
090 |g SCKHL  |k Sklad Pribinova 3. posch.  |a V.23793  |j 168202  |i 180098-10  |4 Zastaraná  |s Vyradená